Loading...

A History of Tamil Language

Bibliographic Details
Main Author: Meenakshisundaran, T. P.
Format: Printed Book
Published: Poona Decan College 1965
Subjects:
LEADER 00505nam a2200181 4500
020
082 |a 494.811 MEE 
100 |a Meenakshisundaran, T. P. 
245 |a A History of Tamil Language  |h Tamil 
250
260 |a Poona  |b Decan College  |c 1965 
300 |a 236 P  |b RB  |f Book 
500
650 |a Tamil Language-History 
700
942 |c TB 
999 |c 264960  |d 264960 
952 |0 0  |1 0  |4 0  |6 494_811000000000000_MEE  |7 0  |9 281684  |a LIN  |b LIN  |d 2004-01-01  |l 0  |o 494.811 MEE  |p LIN1630  |r 2020-02-06  |w 2020-02-06  |y TB